|
|
|
|
| LEADER |
00604cam a2200193 a 4500 |
| 001 |
0000019393 |
| 005 |
20110411090000.0 |
| 040 |
|
|
|a mod
|
| 041 |
|
|
|a eng
|
| 020 |
0 |
0 |
|a 0333537262 (vol. 5)
|
| 090 |
0 |
0 |
|a 338.9495
|b ISS
|e 1990
|
| 245 |
0 |
0 |
|a Issues in contemporary economics
|b the Greek economy : economic policy for the 1990s
|c ed. by Thomas S. Skouras
|
| 260 |
0 |
0 |
|a Basingstroke
|b MacMillan
|c 1992
|
| 300 |
0 |
0 |
|a xxviii, 201 p.
|c 23 cm
|
| 500 |
0 |
0 |
|a 5 volume
|
| 651 |
0 |
0 |
|a Greece
|x Economic policy
|
| 700 |
1 |
1 |
|a Skouras
|h Thomas S
|
| 852 |
0 |
0 |
|a 01
|
| 999 |
|
|
|a 0136172
|b KEMENTAH
|d BOOKS
|e Umum
|f Perpustakaan KEMENTAH
|j AVAILABLE
|q OLD
|